Đổi mới công tác đánh giá đội ngũ hiệu trưởng trường mầm non đáp ứng yêu cầu đổi mới giáo dục

Guardat en:
Dades bibliogràfiques
Autor principal: Trần, Thị Thúy Phương
Format: Llibre
Idioma:Undetermined
Matèries:
Accés en línia:http://lrc.tdmu.edu.vn/opac/search/detail.asp?aID=2&ID=27353
Etiquetes: Afegir etiqueta
Sense etiquetes, Sigues el primer a etiquetar aquest registre!
Thư viện lưu trữ: Trung tâm Học liệu Trường Đại học Thủ Dầu Một
LEADER 00744nam a2200145Ia 4500
001 TDMU_27353
008 210410s9999 xx 000 0 und d
082 |a 495.1 
100 |a Trần, Thị Thúy Phương 
245 0 |a Đổi mới công tác đánh giá đội ngũ hiệu trưởng trường mầm non đáp ứng yêu cầu đổi mới giáo dục 
245 0 |c Trần Thị Thúy Phương 
300 |a Tr.4-6 
650 |a Giáo dục mầm non  |x Quản lý; Đánh giá; Hiệu trưởng; Trường mầm non; Đổi mới giáo dục 
856 |u http://lrc.tdmu.edu.vn/opac/search/detail.asp?aID=2&ID=27353 
980 |a Trung tâm Học liệu Trường Đại học Thủ Dầu Một